000 00610nam a2200217Ia 4500
005 20250326144151.0
008 250326s9999 xx 000 0 und d
020 _a978 1 84376 965 1
037 _aTextbook
040 _aFMSL
_beng
_cFMSL
041 _aeng
_2eng
084 _aX:89ZB P7
_qFMSL
100 _aMytelka L K
_9749164
245 0 _aInnovation and economic development
_cMytelka L K
260 _aUnited Kingdom
_bUnited Kingdom, Edward Elgar
_c2007
300 _a587p
365 _b15109.5
650 _aEconomy
_9662352
942 _cTB
_hX:89ZB P7
999 _c1302634
_d1302634